Curso de derecho procesal penal chileno
I tiakina i:
| Ngā kaituhi matua: | , |
|---|---|
| Hōputu: | Pukapuka |
| Reo: | Pāniora |
| I whakaputaina: |
Santiago
Jurídicas La Ley
2001
|
| Putanga: | 2a. ed |
| Ngā marau: | |
| Ngā Tūtohu: |
Tāpirihia he Tūtohu
Kāore He Tūtohu, Me noho koe te mea tuatahi ki te tūtohu i tēnei pūkete!
|
MARC
| LEADER | 00000nam a2200000 a 4500 | ||
|---|---|---|---|
| 001 | UCN3479 | ||
| 003 | CL-VaPUC | ||
| 008 | 010629e20010000CL |||||||||||||||||spa|d | ||
| 082 | 0 | 4 | |a 345.8305 |b JOR |2 21 |
| 100 | |a Jorquera Lorca, René |e author |9 596939 | ||
| 700 | 0 | |a Herrera Fuenzalida, Paola |e author |9 460009 | |
| 245 | 1 | 0 | |a Curso de derecho procesal penal chileno |
| 250 | |a 2a. ed | ||
| 300 | |a v | ||
| 942 | |c BK | ||
| 945 | |d 20010629 00:00:00 |a vberengu | ||
| 260 | |a Santiago |b Jurídicas La Ley |c 2001 | ||
| 650 | 0 | |a Procedimiento penal |9 254974 | |
| 650 | 0 | |a Derecho procesal penal |9 256392 | |
| 650 | 0 | |a Derecho procesal penal |9 255496 | |
| 650 | 7 | |a JUICIO ORDINARIO |2 CL-VaPUC |9 254867 | |
| 650 | 0 | |a Prueba testimonial |9 370024 | |
| 650 | 7 | |a PRUEBA DOCUMENTAL |2 CL-VaPUC |9 370021 | |
| 650 | 7 | |a PRUEBA PERICIAL |2 CL-VaPUC |9 258499 | |
| 650 | 7 | |a PERITAJE |2 CL-VaPUC |9 460010 | |
| 650 | 0 | |a Arraigo |9 460011 | |
| 650 | 0 | |a Medidas cautelares |9 256590 | |
| 650 | 0 | |a Prisión preventiva |9 257600 | |
| 650 | 0 | |a Auto de procesamiento |9 460012 | |
| 650 | 7 | |a LIBERTAD PROVISIONAL |2 CL-VaPUC |9 254973 | |
| 650 | 7 | |a SOBRESEIMIENTO |2 CL-VaPUC |9 254976 | |
| 650 | 7 | |a PLENARIO |2 CL-VaPUC |9 379649 | |
| 650 | 0 | |a Recursos procesales |9 255595 | |
| 583 | |a last modification |c 20130328 13:31:48 |k Rodrigo Vera | ||
| 999 | |c 296338 |d 296336 | ||
| 952 | |0 0 |1 0 |4 0 |6 345_830500000000000_JOR_2001 |7 0 |8 ? |9 350051 |a BIBDER |b BIBDER |d 2019-11-20 |h v.2 |i 3736849 |o 345.8305 JOR 2001 |p 3736849 |r 2023-01-25 |w 2019-11-20 |y BK |k DER | ||
| 952 | |0 0 |1 0 |4 0 |6 345_830500000000000_JOR_2001 |7 0 |8 ? |9 350052 |a BIBDER |b BIBDER |d 2019-11-20 |h v.1 |i 3828387 |l 4 |o 345.8305 JOR 2001 |p 3828387 |r 2023-09-06 |s 2023-09-05 |w 2019-11-20 |y BK |k DER | ||
| 952 | |0 0 |1 0 |4 0 |6 345_830500000000000_JOR_2001 |7 0 |8 ? |9 350053 |a BIBDER |b BIBDER |d 2019-11-20 |h v.1 |i 3828395 |o 345.8305 JOR 2001 |p 3828395 |r 2023-01-25 |w 2019-11-20 |y BK |k DER | ||
| 952 | |0 0 |1 0 |4 0 |6 345_830500000000000_JOR_2001 |7 0 |8 ? |9 350054 |a BIBDER |b BIBDER |d 2019-11-20 |h v.2 |i 3828409 |o 345.8305 JOR 2001 |p 3828409 |r 2023-01-25 |w 2019-11-20 |y BK |k DER | ||
| 952 | |0 0 |1 0 |4 0 |6 345_830500000000000_JOR_2001 |7 0 |8 ? |9 350055 |a BIBDER |b BIBDER |d 2019-11-20 |h v.2 |i 3828417 |o 345.8305 JOR 2001 |p 3828417 |r 2023-01-25 |w 2019-11-20 |y BK |k DER | ||
| 952 | |0 0 |1 0 |4 0 |6 345_830500000000000_JOR_2001 |7 0 |8 ? |9 350056 |a BIBDER |b BIBDER |d 2019-11-20 |h v.1 |i 3913775 |o 345.8305 JOR 2001 |p 3913775 |r 2023-01-25 |w 2019-11-20 |y BK |k DER | ||